000 00889nam a22002297a 4500
999 _c16949
_d16949
003 AR-CdUCM
008 190506b ||||| |||| 00| 0 spa d
040 _aMUNICIPALIDAD PROVINCIAL DEL CUSCO
_cBIBLIOTECA MUNICIPAL DEL CUSCO
082 _a372 /
_bE61
100 _aEngelmayer, Otto
_936713
245 _aPsicología de la labor cotidiana en la escuela :
_bConocimientos psicológicos al servicio de una didáctica moderna /
260 _aBuenos Aires :
_bKapelusz,
_c1964.
300 _a320 páginas ;
_c21 cm.
440 _aBiblioteca de cultura pedagógica
_936606
505 _aContenido : La clase en su actuación -- Formas de actividad infantil -- Trabajo, voluntad y rendimiento ...
650 _aPsicología
_91538
650 _aEscuela
_91856
650 _aConocimiento
_95704
700 _aThomas, Juan Jorge
_936714
942 _2ddc
_cLIBROS
945 _arah
_d06/05/2019